The strategy of regional integration in Africa (Record no. 423)
[ view plain ]
| 000 -LEADER | |
|---|---|
| fixed length control field | 00593nam a2200169Ia 4500 |
| 008 - FIXED-LENGTH DATA ELEMENTS--GENERAL INFORMATION | |
| fixed length control field | 240428s9999||||xx |||||||||||||| ||und|| |
| 020 ## - INTERNATIONAL STANDARD BOOK NUMBER | |
| International Standard Book Number | 9988572379 |
| 041 ## - LANGUAGE CODE | |
| Language code of text/sound track or separate title | eng |
| 082 ## - DEWEY DECIMAL CLASSIFICATION NUMBER | |
| Classification number | 338.9A |
| 100 ## - MAIN ENTRY--PERSONAL NAME | |
| Personal name | Asante, S. K. B. |
| 245 #4 - TITLE STATEMENT | |
| Title | The strategy of regional integration in Africa |
| 260 ## - PUBLICATION, DISTRIBUTION, ETC. | |
| Name of publisher, distributor, etc. | The Friedrich Ebert Foundation, Ghana Offce |
| Place of publication, distribution, etc. | Accra |
| Date of publication, distribution, etc. | 1996 |
| 300 ## - PHYSICAL DESCRIPTION | |
| Extent | v, 77 pages |
| 650 ## - SUBJECT ADDED ENTRY--TOPICAL TERM | |
| Topical term or geographic name entry element | Africa -- Economic integration. - Regionalism -- Africa. - Africa -- Economic policy. - Economic policy. - International economic integration. - Regionalism. - Africa |
| 942 ## - ADDED ENTRY ELEMENTS (KOHA) | |
| Koha item type | Books |
| Withdrawn status | Lost status | Damaged status | Not for loan | Home library | Current library | Shelving location | Date acquired | Total checkouts | Full call number | Date last seen | Copy number | Price effective from | Koha item type |
|---|---|---|---|---|---|---|---|---|---|---|---|---|---|
| Main Library | Main Library | Open Shelves | 04/12/2021 | 338.9A 00406 C1 - 338.9A 00407 C2 - 338.9A 01038 C3 - 338.9A 01060 C4 - 338.9A 1601 C5 | 29/04/2024 | 1 | 29/04/2024 | Books |